Атлас мезозойской морской фауны Дальнего Востока России (Запись № 932904)

Подробности
000 -МАРКЕР
контрольное поле 02202nam0a2200373 4500
001 - ИДЕНТИФИКАТОР ЗАПИСИ
контрольное поле RU\NLR\bibl\1360821
005 - ИДЕНТИФИКАТОР ВЕРСИИ
контрольное поле 20260407131325.0
010 ## - МЕЖДУНАРОДНЫЙ СТАНДАРТНЫЙ НОМЕР КНИГИ (ISBN)
Номер (ISBN) 5-87399-119-7
Тираж 80
035 ## - ДРУГИЕ СИСТЕМНЫЕ НОМЕРА
Идентификатор записи (NLR Aleph) 001352996
100 ## - ДАННЫЕ ОБЩЕЙ ОБРАБОТКИ
Данные общей обработки 20090422d2004 |||y0rusy50 ca
101 0# - ЯЗЫК РЕСУРСА
Язык текста, звукозаписи и т.д. русский
Язык резюме английский
102 ## - СТРАНА ПУБЛИКАЦИИ ИЛИ ПРОИЗВОДСТВА
Страна публикации Российская Федерация
105 ## - ПОЛЕ КОДИРОВАННЫХ ДАННЫХ: ТЕКСТОВЫЕ МАТЕРИАЛЫ, МОНОГРАФИЧЕСКИЕ
Кодированные данные о монографическом текстовом документе a |||||||||
200 1# - ЗАГЛАВИЕ И СВЕДЕНИЯ ОБ ОТВЕТСТВЕННОСТИ
Основное заглавие Атлас мезозойской морской фауны Дальнего Востока России
Параллельное заглавие Atlas of the mesozoic marine fauna of the Far East, Russian
Первые сведения об ответственности М-во природ. ресурсов Рос. Федерации, Всерос. науч. исслед. геол. ин-т им. А.П. Карпинского (ВСЕГЕИ)
Язык параллельного заглавия английский
Последующие сведения об ответственности [И.И. Сей и др.]
210 ## - ПУБЛИКАЦИЯ, РАСПРОСТРАНЕНИЕ И ДР.
Место издания, распространения и т.д. Санкт-Петербург
Имя издателя, распространителя и т. д. ВСЕГЕИ
Дата издания, распространения и т.д. 2004
215 ## - ФИЗИЧЕСКАЯ ХАРАКТЕРИСТИКА
Специфическое обозначение материала и объем 234 с., [52] л. ил.
Размеры 29
300 ## - ОБЩИЕ ПРИМЕЧАНИЯ
Текст примечания Рез. на англ. яз.
320 ## - ПРИМЕЧАНИЯ О НАЛИЧИИ В ДОКУМЕНТЕ БИБЛИОГРАФИИ / УКАЗАТЕЛЯ
Текст примечания Библиогр.: с. 187-192
320 ## - ПРИМЕЧАНИЯ О НАЛИЧИИ В ДОКУМЕНТЕ БИБЛИОГРАФИИ / УКАЗАТЕЛЯ
Текст примечания Алф. указ. родов и видов: с. 193-198
510 0# - ПАРАЛЛЕЛЬНОЕ ЗАГЛАВИЕ
Параллельное заглавие Atlas of the mesozoic marine fauna of the Far East, Russian
Язык заглавия английский
606 1# - НАИМЕНОВАНИЕ ТЕМЫ КАК ПРЕДМЕТ
Наименование темы Морские животные мезозойских отложений
Формальный подзаголовок Атласы
Географический подзаголовок Дальний Восток Российской Федерации
Системный номер авторитетной/нормативной записи 2575737
Идентификатор авторитетной/нормативной записи RU\NLR\auth\661522946
606 1# - НАИМЕНОВАНИЕ ТЕМЫ КАК ПРЕДМЕТ
Наименование темы Аммониты мезозойских отложений
Формальный подзаголовок Атласы
Географический подзаголовок Дальний Восток Российской Федерации
Системный номер авторитетной/нормативной записи 2575735
Идентификатор авторитетной/нормативной записи RU\NLR\auth\661522945
606 1# - НАИМЕНОВАНИЕ ТЕМЫ КАК ПРЕДМЕТ
Наименование темы Пластинчатожаберные мезозойских отложений
Формальный подзаголовок Атласы
Географический подзаголовок Дальний Восток Российской Федерации
Системный номер авторитетной/нормативной записи 2575732
Идентификатор авторитетной/нормативной записи RU\NLR\auth\661522943
686 ## - ИНДЕКСЫ ДРУГИХ КЛАССИФИКАЦИЙ
Индекс Е169.172-2(2Р55)я61
686 ## - ИНДЕКСЫ ДРУГИХ КЛАССИФИКАЦИЙ
Индекс Е169.175.2-2(2Р55)я61
686 ## - ИНДЕКСЫ ДРУГИХ КЛАССИФИКАЦИЙ
Индекс Е161.2(2Р55)я61
702 #1 - ИМЯ ЛИЦА - ВТОРИЧНАЯ ОТВЕТСТВЕННОСТЬ
Начальный элемент ввода Сей
Часть имени, кроме начального элемента ввода И. И.
Код отношения Составитель
712 02 - НАИМЕНОВАНИЕ ОРГАНИЗАЦИИ - ВТОРИЧНАЯ ОТВЕТСТВЕННОСТЬ
Код отношения Прочие
Начальный элемент ввода Всероссийский научно-исследовательский геологический институт им. А. П. Карпинского
Идентифицирующий признак Санкт-Петербург
Системный номер авторитетной/нормативной записи 462177
Идентификатор авторитетной/нормативной записи RU\NLR\AUTH\889983129
801 #0 - ИСТОЧНИК ЗАПИСИ
Страна Российская Федерация
Организация NLR
Дата составления 20090422
Правила каталогизации RCR
801 #1 - ИСТОЧНИК ЗАПИСИ
Страна Российская Федерация
Организация NLR
Дата составления 20090422
942 ## - ДОПОЛНИТЕЛЬНЫЕ ЭЛЕМЕНТЫ ЗАПИСИ (АБИС)
Тип экземпляра АБИС Книга
980 ## - КОЛЛЕКЦИЯ
Название коллекции Национальная библиография
Экземпляры
Тип экземпляра Дата поступления Источник поступления Стоимость Библиотека постоянного хранения Библиотека текущего хранения Место хранения Шифр хранения Штрих-код Статус экземпляра
Книга 22.04.2009 Дар 100.00 РНБ (Московский) РНБ (Московский) Русский книжный фонд: издания с 1957 года 2009-8/1299 2906325  
Книга 22.04.2009 Дар 100.00 РНБ (Московский) РНБ (Московский) Русский книжный фонд: издания с 1957 года 2009-8/1299 2906326